[Event "SVK-chT3B2 2223"]
[Site "Slovakia"]
[Date "2022.11.06"]
[Round "2.2"]
[White "Zernovic, Ferdinand"]
[Black "Kothaj, Peter"]
[Result "1-0"]
[WhiteElo "1812"]
[BlackElo "1780"]
[PlyCount "125"]
[EventDate "2022.10.23"]
[EventType "team-tourn"]
[EventRounds "11"]
[EventCountry "SVK"]
[SourceTitle "EXT 2024"]
[Source "ChessBase"]
[SourceDate "2023.10.10"]
[SourceVersion "1"]
[SourceVersionDate "2023.10.10"]
[SourceQuality "1"]
[WhiteTeam "Povazske Podhradie II"]
[BlackTeam "Handlova"]
[WhiteTeamCountry "SVK"]
[BlackTeamCountry "SVK"]

1. e4 e5 2. Bc4 Nc6 3. Nf3 Nf6 4. d3 h6 5. c3 d6 6. h3 Na5 7. Bb3 Nxb3 8. axb3 c6 9. Be3 Qc7 10. 0-0 Be6 11. Re1 b5 12. c4 b4 13. Nbd2 c5 14. Nf1 Be7 15. Ng3 Qd7 16. Ra6 g6 17. Qa1 Bd8 18. Qa2 Ke7 19. d4 exd4 20. Nxd4 Bb6 21. Nb5 Qb7 22. Bf4 Ne8 23. Rd1 Rd8 24. Qa1 g5 25. Be3 Nc7 26. Nxc7 Qxc7 27. Nf5+ Bxf5 28. exf5 f6 29. Rd5 Rhe8 30. Qd1 Kf7 31. Qh5+ Kg8 32. Qxh6 Qg7 33. Qh5 Re7 34. Ra1 a5 35. Rad1 Red7 36. R1d3 Qf8 37. h4 Rh7 38. Qg6+ Rg7 39. Qh6 gxh4 40. Qxh4 Qe7 41. Rd1 Bc7 42. Bh6 Rh7 43. Qg3+ Kh8 44. Bf4 Rg7 45. Qe3 Qxe3 46. Bxe3 Rdg8 47. g3 Rg4 48. Kg2 Re4 49. Rh1+ Kg7 50. Bxc5 Re5 51. Bd4 Rxd5 52. cxd5 Kf7 53. Rh7+ Rg7 54. Rxg7+ Kxg7 55. g4 Kf7 56. f4 Bd8 57. Kg3 Kg8 58. Kh4 Kh7 59. Kh5 Kg7 60. g5 Kf7 61. Kh6 Be7 62. g6+ Kg8 63. Bb6 1-0

[Event "SVK-chT3B2 2122"]
[Site "Slovakia"]
[Date "2022.04.10"]
[Round "8.2"]
[White "Kutny, Marian"]
[Black "Zernovic, Ferdinand"]
[Result "1-0"]
[WhiteElo "1981"]
[BlackElo "1855"]
[PlyCount "80"]
[EventDate "2021.10.24"]
[EventType "team-tourn"]
[EventRounds "11"]
[EventCountry "SVK"]
[SourceTitle "EXT 2024"]
[Source "ChessBase"]
[SourceDate "2023.10.10"]
[SourceVersion "1"]
[SourceVersionDate "2023.10.10"]
[SourceQuality "1"]
[WhiteTeam "Belusa II"]
[BlackTeam "Povazske Podhradie II"]
[WhiteTeamCountry "SVK"]
[BlackTeamCountry "SVK"]

1. d4 d5 2. c4 Bf5 3. Nc3 e6 4. Bf4 Nc6 5. e3 Nf6 6. Nf3 Bb4 7. c5 0-0 8. Bb5 Ne4 9. Rc1 Bxc3+ 10. bxc3 Na5 11. 0-0 a6 12. Bd3 f6 13. c4 g5 14. Bg3 Nxg3 15. hxg3 Bxd3 16. Qxd3 Nxc4 17. Nd2 Nxd2 18. Qxd2 e5 19. dxe5 fxe5 20. Qb2 Qf6 21. Qxb7 c6 22. Rb1 d4 23. exd4 exd4 24. Rb6 Rac8 25. Rxa6 d3 26. Qb3+ Kh8 27. Qxd3 Rcd8 28. Qe4 Rd5 29. Qxd5 cxd5 30. Rxf6 Rxf6 31. Rc1 Rc6 32. f4 Kg7 33. Kf2 Kg6 34. Ke3 gxf4+ 35. gxf4 Re6+ 36. Kd4 Re4+ 37. Kxd5 Rxf4 38. c6 Rf5+ 39. Kd6 Rf6+ 40. Kc7 Rf7+ 1-0

[Event "SVK-chT2B 2122"]
[Site "Slovakia"]
[Date "2021.10.16"]
[Round "1.5"]
[White "Budinsky, Martin"]
[Black "Zernovic, Ferdinand"]
[Result "1/2-1/2"]
[WhiteElo "2027"]
[BlackElo "1857"]
[PlyCount "46"]
[EventDate "2021.10.16"]
[EventType "team-tourn"]
[EventRounds "11"]
[EventCountry "SVK"]
[SourceTitle "EXT 2023"]
[Source "ChessBase"]
[SourceDate "2022.10.05"]
[SourceVersion "1"]
[SourceVersionDate "2022.10.05"]
[SourceQuality "1"]
[WhiteTeam "Levice"]
[BlackTeam "Povazske Podhradie"]
[WhiteTeamCountry "SVK"]
[BlackTeamCountry "SVK"]

1. e4 c5 2. Nf3 Nc6 3. Bc4 Nf6 4. d3 e6 5. 0-0 Be7 6. Bb3 0-0 7. c3 d6 8. Re1 e5 9. h3 b5 10. a4 b4 11. Nbd2 Rb8 12. Nc4 Na5 13. Nxa5 Qxa5 14. Bd2 bxc3 15. bxc3 Qc7 16. d4 Bb7 17. Bc2 Rfd8 18. Bg5 h6 19. Bh4 Qa5 20. Re3 Qc7 21. d5 Nh5 22. Bg3 Nxg3 23. fxg3 Rf8 1/2-1/2

[Event "SVK-chT2B 1920"]
[Site "Slovakia"]
[Date "2020.02.16"]
[Round "9.6"]
[White "Vitek, Matej"]
[Black "Zernovic, Ferdinand"]
[Result "1-0"]
[WhiteElo "1893"]
[BlackElo "1874"]
[PlyCount "82"]
[EventDate "2019.10.26"]
[EventType "team-tourn"]
[EventRounds "11"]
[EventCountry "SVK"]
[SourceTitle "CBM 195 Extra"]
[Source "ChessBase"]
[SourceDate "2020.05.31"]
[SourceVersion "1"]
[SourceVersionDate "2020.05.31"]
[SourceQuality "1"]
[WhiteTeam "Surany"]
[BlackTeam "Povazske Podhradie"]
[WhiteTeamCountry "SVK"]
[BlackTeamCountry "SVK"]

1. d4 d5 2. Nf3 Nc6 3. Bf4 Bf5 4. c3 e6 5. e3 Bd6 6. Bg3 Nge7 7. Nbd2 0-0 8. Be2 Ng6 9. 0-0 Re8 10. Bb5 Bxg3 11. hxg3 Qd6 12. Qa4 Reb8 13. Rfe1 Nce7 14. e4 c6 15. Bd3 dxe4 16. Nxe4 Bxe4 17. Bxe4 Nd5 18. Rad1 Nf6 19. Bb1 Rd8 20. Qc2 Ng4 21. a3 Qe7 22. Ba2 Qf6 23. Re2 Rd6 24. Rde1 Nh6 25. Ne5 Qf5 26. Qb3 b5 27. Bb1 Qh5 28. f3 Qg5 29. Kf2 Qf6 30. Qc2 Rd5 31. Qe4 Nf5 32. Ba2 Nd6 33. Qg4 Nc4 34. Bxc4 bxc4 35. Nxc4 h5 36. Qe4 h4 37. Ne5 hxg3+ 38. Kxg3 Qg5+ 39. Qg4 Qf6 40. f4 Rad8 41. Nxg6 Qxg6 1-0

[Event "SVK-chT2B 1920"]
[Site "Slovakia"]
[Date "2019.12.14"]
[Round "5.4"]
[White "Zernovic, Ferdinand"]
[Black "Mejsnar, Miroslav"]
[Result "1-0"]
[WhiteElo "1874"]
[BlackElo "1867"]
[PlyCount "83"]
[EventDate "2019.10.26"]
[EventType "team-tourn"]
[EventRounds "11"]
[EventCountry "SVK"]
[SourceTitle "CBM 194 Extra"]
[Source "ChessBase"]
[SourceDate "2020.03.31"]
[SourceVersion "1"]
[SourceVersionDate "2020.03.31"]
[SourceQuality "1"]
[WhiteTeam "Povazske Podhradie"]
[BlackTeam "Povazska Bystrica II"]
[WhiteTeamCountry "SVK"]
[BlackTeamCountry "SVK"]

1. e4 e5 2. Bc4 Nf6 3. Nc3 Nc6 4. Nf3 Nxe4 5. Nxe4 d5 6. Bd3 dxe4 7. Bxe4 Bd6 8. 0-0 0-0 9. Re1 Be6 10. d3 f5 11. Bxc6 bxc6 12. Nxe5 Bxe5 13. Rxe5 Bd7 14. Qe1 Qf6 15. d4 Rae8 16. Bf4 c5 17. Rxe8 Rxe8 18. Be5 Qe7 19. Qc3 cxd4 20. Bxd4 a6 21. h3 g6 22. Qxc7 Bb5 23. Qxe7 Rxe7 24. Be3 Rd7 25. b3 Be2 26. c4 Rd1+ 27. Rxd1 Bxd1 28. Kf1 Kg7 29. Ke1 Bc2 30. Kd2 Bb1 31. Kc3 Be4 32. g3 Kf6 33. b4 Ke5 34. Bf4+ Ke6 35. a4 Bc6 36. b5 axb5 37. axb5 Bg2 38. c5 Bf1 39. Kb4 Bxh3 40. c6 Bf1 41. b6 Kd5 42. b7 1-0

[Event "SVK-chT2B 1920"]
[Site "Slovakia"]
[Date "2019.10.27"]
[Round "2.6"]
[White "Zernovic, Ferdinand"]
[Black "Sarkozi, Szabolcs"]
[Result "0-1"]
[WhiteElo "1874"]
[BlackElo "2012"]
[PlyCount "86"]
[EventDate "2019.10.26"]
[EventType "team-tourn"]
[EventRounds "11"]
[EventCountry "SVK"]
[SourceTitle "CBM 193 Extra"]
[Source "ChessBase"]
[SourceDate "2020.01.31"]
[SourceVersion "1"]
[SourceVersionDate "2020.01.31"]
[SourceQuality "1"]
[WhiteTeam "Povazske Podhradie"]
[BlackTeam "Komarno II"]
[WhiteTeamCountry "SVK"]
[BlackTeamCountry "SVK"]

1. e4 g6 2. f4 Bg7 3. Nf3 c5 4. Bc4 d6 5. c3 Nc6 6. 0-0 e6 7. Qe1 Nge7 8. Bb3 a6 9. a4 Rb8 10. d3 b5 11. axb5 axb5 12. Bc2 Qb6 13. Qf2 0-0 14. Be3 b4 15. Nbd2 bxc3 16. Nc4 Qd8 17. bxc3 Bxc3 18. Rab1 Rxb1 19. Rxb1 d5 20. Nce5 d4 21. Bc1 f6 22. Ng4 h5 23. Nh6+ Kg7 24. f5 exf5 25. exf5 Bxf5 26. Nxf5+ Nxf5 27. Rb7+ Rf7 28. Rb5 Qe7 29. Bb3 Rf8 30. Bd5 Qd6 31. Rb7+ Nce7 32. Be4 Rb8 33. Ra7 Rb1 34. Qc2 Qb6 35. Bxf5 Rxc1+ 36. Qxc1 Qxa7 37. Be6 Qa1 38. Qxa1 Bxa1 39. Nd2 Bc3 40. Ne4 Bb4 41. Kf2 f5 42. Ng5 Kf6 43. h4 Bd2 0-1

[Event "SVK-chT2B 1920"]
[Site "Slovakia"]
[Date "2019.10.26"]
[Round "1.6"]
[White "Meszarosova, Eva"]
[Black "Zernovic, Ferdinand"]
[Result "1-0"]
[WhiteElo "1935"]
[BlackElo "1874"]
[PlyCount "89"]
[EventDate "2019.10.26"]
[EventType "team-tourn"]
[EventRounds "11"]
[EventCountry "SVK"]
[SourceTitle "CBM 193 Extra"]
[Source "ChessBase"]
[SourceDate "2020.01.31"]
[SourceVersion "1"]
[SourceVersionDate "2020.01.31"]
[SourceQuality "1"]
[WhiteTeam "Nove Zamky"]
[BlackTeam "Povazske Podhradie"]
[WhiteTeamCountry "SVK"]
[BlackTeamCountry "SVK"]

1. e4 c5 2. Nf3 Nc6 3. d4 cxd4 4. Nxd4 Nf6 5. Nc3 e5 6. Ndb5 d6 7. Bg5 a6 8. Na3 b5 9. Nd5 Qa5+ 10. Bd2 Qd8 11. c4 b4 12. Nxb4 Nxb4 13. Bxb4 Rb8 14. Nc2 Nxe4 15. Bd3 Bb7 16. Qe2 f5 17. 0-0 Qg5 18. f3 Qg6 19. Rae1 Ng5 20. c5 Nh3+ 21. Kh1 Nf4 22. Qd2 Nxd3 23. Qxd3 e4 24. Qe3 Rc8 25. c6 Bxc6 26. Nd4 d5 27. fxe4 fxe4 28. Bxf8 Rxf8 29. Qa3 Rxf1+ 30. Rxf1 Kd7 31. Qxa6 Ra8 32. Qb6 Rc8 33. b4 Rc7 34. Rc1 Rb7 35. Qc5 Qd6 36. Qxd6+ Kxd6 37. Rxc6+ Ke5 38. Nc2 d4 39. Rc5+ Kd6 40. Rc4 d3 41. Ne3 Ra7 42. Rxe4 Rxa2 43. Kg1 d2 44. Rd4+ Kc6 45. Kf1 1-0

[Event "SVK-chT2B 1819"]
[Site "Slovakia"]
[Date "2019.04.07"]
[Round "11.4"]
[White "Detko, Jan"]
[Black "Zernovic, Ferdinand"]
[Result "1-0"]
[WhiteElo "2073"]
[BlackElo "1899"]
[PlyCount "123"]
[EventDate "2018.10.13"]
[EventType "team-tourn"]
[EventRounds "11"]
[EventCountry "SVK"]
[SourceTitle "EXT 2020"]
[Source "ChessBase"]
[SourceDate "2019.10.17"]
[SourceVersion "1"]
[SourceVersionDate "2019.10.17"]
[SourceQuality "1"]
[WhiteTeam "Prievidza"]
[BlackTeam "Povazske Podhradie"]
[WhiteTeamCountry "SVK"]
[BlackTeamCountry "SVK"]

1. e4 c5 2. Nf3 Nc6 3. d4 cxd4 4. Nxd4 Nf6 5. Nc3 e5 6. Ndb5 d6 7. Bg5 a6 8. Na3 b5 9. Nd5 Qa5+ 10. Bd2 Qd8 11. c4 b4 12. Nxf6+ Qxf6 13. Nc2 Qg6 14. Nxb4 Qxe4+ 15. Qe2 Qxe2+ 16. Bxe2 Nd4 17. Bd3 Bf5 18. Bxf5 Nxf5 19. Nd5 Rc8 20. Rc1 Ne7 21. Ke2 Nc6 22. Kd3 f5 23. f3 Be7 24. b4 e4+ 25. fxe4 Ne5+ 26. Kd4 fxe4 27. Rhf1 Rf8 28. Rxf8+ Kxf8 29. c5 Nc6+ 30. Kxe4 dxc5 31. bxc5 Bh4 32. Rf1+ Kg8 33. Bf4 Re8+ 34. Kd3 Rd8 35. Bd6 Ne5+ 36. Kc3 Nf7 37. Ne7+ Bxe7 38. Bxe7 Re8 39. Re1 Nd8 40. Bh4 Rxe1 41. Bxe1 Kf7 42. c6 Nxc6 43. Bg3 Ke6 44. Kc4 Kd7 45. Kc5 Ne7 46. Be5 g6 47. a4 Nc6 48. Bg3 g5 49. Kd5 h6 50. Be1 Nd8 51. Ke5 Ke7 52. Bb4+ Kf7 53. Kd6 Kf6 54. Kd7 Ne6 55. Bc3+ Kf5 56. g4+ Kxg4 57. Kxe6 Kh3 58. Be5 h5 59. Kd6 g4 60. Kc6 h4 61. Kb6 Kg2 62. Kxa6 1-0

[Event "SVK-chT2B 1819"]
[Site "Slovakia"]
[Date "2018.10.13"]
[Round "1.5"]
[White "Szaraz, Vojtech"]
[Black "Zernovic, Ferdinand"]
[Result "1/2-1/2"]
[WhiteElo "1839"]
[BlackElo "1918"]
[PlyCount "40"]
[EventDate "2018.10.13"]
[EventType "team-tourn"]
[EventRounds "11"]
[EventCountry "SVK"]
[SourceTitle "CBM 187 Extra"]
[Source "ChessBase"]
[SourceDate "2018.11.04"]
[SourceVersion "1"]
[SourceVersionDate "2018.11.04"]
[SourceQuality "1"]
[WhiteTeam "Batorove Kosihy II"]
[BlackTeam "Povazske Podhradie"]
[WhiteTeamCountry "SVK"]
[BlackTeamCountry "SVK"]

1. e4 c5 2. Nf3 Nc6 3. d4 cxd4 4. Nxd4 Nf6 5. Nc3 e5 6. Ndb5 d6 7. Nd5 Nxd5 8. exd5 Nb8 9. c4 a6 10. Nc3 Nd7 11. Be2 Be7 12. 0-0 0-0 13. Be3 f5 14. f3 b6 15. b4 Bb7 16. Qb3 Rc8 17. c5 bxc5 18. bxc5 Nxc5 19. Bxc5 Rxc5 20. Qxb7 Rxc3 1/2-1/2

[Event "SVK-chT2B 1718"]
[Site "Slovakia"]
[Date "2018.03.18"]
[Round "11.4"]
[White "Zernovic, Ferdinand"]
[Black "Grilus, Marian"]
[Result "1/2-1/2"]
[WhiteElo "1922"]
[BlackElo "1955"]
[PlyCount "26"]
[EventDate "2017.10.28"]
[EventType "team-tourn"]
[EventRounds "11"]
[EventCountry "SVK"]
[SourceTitle "EXT 2020"]
[Source "ChessBase"]
[SourceDate "2019.10.17"]
[SourceVersion "1"]
[SourceVersionDate "2019.10.17"]
[SourceQuality "1"]
[WhiteTeam "Povazske Podhradie"]
[BlackTeam "Nove Zamky"]
[WhiteTeamCountry "SVK"]
[BlackTeamCountry "SVK"]

1. e4 e6 2. d4 d5 3. exd5 exd5 4. Bd3 Bd6 5. Qf3 c6 6. Ne2 h6 7. Bf4 Nf6 8. 0-0 0-0 9. Nd2 Re8 10. Bxd6 Qxd6 11. Qg3 Qxg3 12. Nxg3 Bg4 13. h3 Be6 1/2-1/2

[Event "SVK-chT2B 1718"]
[Site "Slovakia"]
[Date "2018.02.04"]
[Round "7.4"]
[White "Zernovic, Ferdinand"]
[Black "Ficel, Viliam"]
[Result "1-0"]
[WhiteElo "1922"]
[BlackElo "1716"]
[PlyCount "87"]
[EventDate "2017.10.28"]
[EventType "team-tourn"]
[EventRounds "11"]
[EventCountry "SVK"]
[SourceTitle "EXT 2019"]
[Source "ChessBase"]
[SourceDate "2018.10.10"]
[SourceVersion "1"]
[SourceVersionDate "2018.10.10"]
[SourceQuality "1"]
[WhiteTeam "Povazske Podhradie"]
[BlackTeam "Lehota pod Vtacnikom"]
[WhiteTeamCountry "SVK"]
[BlackTeamCountry "SVK"]

1. e4 e6 2. f4 d6 3. Nf3 Nd7 4. d4 c6 5. Nc3 Be7 6. Bd3 Ngf6 7. 0-0 h6 8. a3 0-0 9. e5 dxe5 10. fxe5 Nd5 11. Ne4 f5 12. Ng3 Qe8 13. c4 Nc7 14. Ne1 g5 15. Be2 Qg6 16. Bh5 Qh7 17. b4 b6 18. Bb2 Ba6 19. Be2 Rad8 20. Qc2 Bb7 21. Bd3 c5 22. d5 Nxd5 23. cxd5 Bxd5 24. Nxf5 exf5 25. Bxf5 Qf7 26. Bd3 Qe6 27. Bf5 Qf7 28. Bd3 Qe6 29. Bh7+ Kg7 30. Bf5 Rxf5 31. Rxf5 cxb4 32. axb4 Bxb4 33. Bd4 a5 34. Nf3 Bc5 35. Bxc5 Bxf3 36. Rxf3 Rc8 37. Bf8+ Nxf8 38. Qe4 Nd7 39. Raf1 Rf8 40. Rxf8 Nxf8 41. Rf6 Qb3 42. Qb7+ Kg8 43. Qe7 Qe3+ 44. Rf2 1-0

[Event "SVK-chT2B 1718"]
[Site "Slovakia"]
[Date "2018.01.14"]
[Round "6.5"]
[White "Zernovic, Ferdinand"]
[Black "Lakatos, Vladimir"]
[Result "0-1"]
[WhiteElo "1908"]
[BlackElo "2025"]
[PlyCount "60"]
[EventDate "2017.10.28"]
[EventType "team-tourn"]
[EventRounds "11"]
[EventCountry "SVK"]
[SourceTitle "EXT 2019"]
[Source "ChessBase"]
[SourceDate "2018.10.10"]
[SourceVersion "1"]
[SourceVersionDate "2018.10.10"]
[SourceQuality "1"]
[WhiteTeam "Povazske Podhradie"]
[BlackTeam "Prievidza"]
[WhiteTeamCountry "SVK"]
[BlackTeamCountry "SVK"]

1. e4 c5 2. f4 e6 3. Nf3 Nc6 4. Nc3 a6 5. a4 Nf6 6. d3 d5 7. e5 Nd7 8. Be2 Be7 9. 0-0 b6 10. Qe1 Bb7 11. Qg3 g6 12. Bd2 Qc7 13. Nd1 0-0-0 14. Ne3 Rdf8 15. Ng4 h5 16. Nf6 Nxf6 17. exf6 Bxf6 18. Qe1 Nd4 19. Bd1 Nxf3+ 20. Bxf3 Bxb2 21. Rb1 Bf6 22. c4 Bc6 23. Qd1 dxc4 24. dxc4 Rd8 25. Qc2 Rd6 26. a5 Bxf3 27. Rxf3 Rhd8 28. axb6 Rxb6 29. Rxb6 Qxb6 30. Rb3 Rxd2 0-1

[Event "SVK-chT2B 1617"]
[Site "Slovakia"]
[Date "2017.01.21"]
[Round "7.4"]
[White "Zernovic, Ferdinand"]
[Black "Kurtulik, Andrej"]
[Result "1-0"]
[WhiteElo "1854"]
[BlackElo "1875"]
[PlyCount "123"]
[EventDate "2016.10.08"]
[EventType "team-tourn"]
[EventRounds "11"]
[EventCountry "SVK"]
[SourceTitle "EXT 2018"]
[Source "ChessBase"]
[SourceDate "2017.10.13"]
[SourceVersion "1"]
[SourceVersionDate "2017.10.13"]
[SourceQuality "1"]
[WhiteTeam "Povazske Podhradie"]
[BlackTeam "Prievidza II"]
[WhiteTeamCountry "SVK"]
[BlackTeamCountry "SVK"]

1. e4 e5 2. Bc4 Nf6 3. d3 Bc5 4. Nf3 Nc6 5. 0-0 h6 6. c3 d6 7. b4 Bb6 8. a4 a6 9. h3 Ne7 10. Qe2 Ng6 11. Na3 0-0 12. Be3 Bxe3 13. fxe3 Nh5 14. Qf2 Qe7 15. g4 Nf6 16. Nh4 Nxh4 17. Qxh4 d5 18. exd5 Nxd5 19. Qxe7 Nxe7 20. Rf2 Nc6 21. Raf1 Nd8 22. Kh2 Be6 23. Bxe6 Nxe6 24. a5 Rad8 25. d4 exd4 26. exd4 Rd5 27. Nc4 f6 28. Ne3 Rd7 29. h4 Re8 30. Nf5 g6 31. Ng3 g5 32. Nh5 Kf7 33. Nxf6 Rde7 34. Nxe8+ Kxe8 35. hxg5 hxg5 36. Rf5 c6 37. Re1 Kd7 38. Rfe5 Rh7+ 39. Kg3 Rh6 40. R1e4 Kd6 41. c4 Rg6 42. Rxe6+ Rxe6 43. Rxe6+ Kxe6 44. Kf3 Kd6 45. Ke3 Ke7 46. Ke4 Ke6 47. c5 Kf6 48. d5 cxd5+ 49. Kxd5 Ke7 50. c6 bxc6+ 51. Kxc6 Ke6 52. b5 axb5 53. a6 Ke5 54. a7 Kf4 55. a8Q Kxg4 56. Kxb5 Kg3 57. Qa3+ Kg2 58. Qb2+ Kh3 59. Qc3+ Kh4 60. Qf6 Kh5 61. Qf3+ g4 62. Qg3 1-0

[Event "SVK-chT2B 1617"]
[Site "Slovakia"]
[Date "2016.10.09"]
[Round "2.3"]
[White "Zernovic, Ferdinand"]
[Black "Balogh, Peter"]
[Result "1/2-1/2"]
[WhiteElo "1854"]
[BlackElo "2131"]
[PlyCount "55"]
[EventDate "2016.10.08"]
[EventType "team-tourn"]
[EventRounds "11"]
[EventCountry "SVK"]
[SourceTitle "CBM 175 Extra"]
[Source "ChessBase"]
[SourceDate "2016.12.12"]
[SourceVersion "1"]
[SourceVersionDate "2016.12.12"]
[SourceQuality "1"]
[WhiteTeam "Povazske Podhradie"]
[BlackTeam "Komarno"]
[WhiteTeamCountry "SVK"]
[BlackTeamCountry "SVK"]

1. e4 e6 2. f4 b6 3. Nf3 Bb7 4. d3 c5 5. Nc3 d5 6. exd5 exd5 7. d4 Nf6 8. Bb5+ Nbd7 9. 0-0 Be7 10. Re1 0-0 11. Kh1 a6 12. Bd3 Re8 13. Be3 Bd6 14. Ne5 Qc7 15. Nxd7 Qxd7 16. Qf3 c4 17. Bf1 b5 18. a3 Qf5 19. h3 Ne4 20. g4 Qf6 21. Ne2 Qh4 22. Kg2 Bc8 23. Bf2 Qf6 24. Rad1 g5 25. Be3 Qg7 26. fxg5 f6 27. Bf4 Be7 28. Ng3 1/2-1/2

[Event "SVK-chT3B2 1516"]
[Site "Slovakia"]
[Date "2015.10.11"]
[Round "1.2"]
[White "Zernovic, Ferdinand"]
[Black "Arendas, Marek"]
[Result "0-1"]
[WhiteElo "1869"]
[BlackElo "2128"]
[PlyCount "78"]
[EventDate "2015.10.11"]
[EventType "team-tourn"]
[EventRounds "11"]
[EventCountry "SVK"]
[SourceTitle "CBM 170 Extra"]
[Source "ChessBase"]
[SourceDate "2016.02.25"]
[SourceVersion "1"]
[SourceVersionDate "2016.02.25"]
[SourceQuality "1"]
[WhiteTeam "Povazske Podhradie"]
[BlackTeam "Handlova"]
[WhiteTeamCountry "SVK"]
[BlackTeamCountry "SVK"]

1. e4 c5 2. f4 Nc6 3. Nf3 e6 4. Nc3 a6 5. a4 Qc7 6. g3 Be7 7. d3 d6 8. Bd2 Rb8 9. Bg2 b5 10. axb5 axb5 11. 0-0 h5 12. f5 Nf6 13. Ng5 b4 14. Ne2 Nd4 15. Nxd4 cxd4 16. fxe6 fxe6 17. Bh3 Ng4 18. Bxg4 hxg4 19. Rf2 Bf6 20. Qxg4 e5 21. Qd1 Qe7 22. h4 b3 23. cxb3 Qb7 24. b4 Qb5 25. Qb3 Qd7 26. Qa4 Qxa4 27. Rxa4 Bd7 28. Ra3 0-0 29. Ra7 Bb5 30. Ne6 Rf7 31. Rxf7 Kxf7 32. Ng5+ Ke7 33. Rf3 Rc8 34. Kf1 Rc2 35. Ke1 Rxb2 36. Nh3 Rb1+ 37. Ke2 Bd7 38. Nf2 Rb2 39. h5 Bg5 0-1

[Event "SVK-chT2B 1415"]
[Site "Slovakia"]
[Date "2015.03.08"]
[Round "11.3"]
[White "Zernovic, Ferdinand"]
[Black "Dolnik, Attila"]
[Result "0-1"]
[WhiteElo "1895"]
[BlackElo "2170"]
[PlyCount "54"]
[EventDate "2014.10.11"]
[EventType "team-tourn"]
[EventRounds "11"]
[EventCountry "SVK"]
[SourceTitle "EXT 2019"]
[Source "ChessBase"]
[SourceDate "2018.10.10"]
[SourceVersion "1"]
[SourceVersionDate "2018.10.10"]
[SourceQuality "1"]
[WhiteTeam "Povazske Podhradie SK"]
[BlackTeam "Batorove Kosihy"]
[WhiteTeamCountry "SVK"]
[BlackTeamCountry "SVK"]

1. e4 e5 2. Bc4 Nc6 3. Nc3 d6 4. Nge2 g6 5. 0-0 Bg7 6. d3 Be6 7. Bb3 Qd7 8. Ng3 Nge7 9. Be3 0-0 10. Qd2 f5 11. Bxe6+ Qxe6 12. f4 Nd4 13. Rae1 c5 14. exf5 gxf5 15. b3 Nec6 16. Nd1 Qg6 17. c3 Ne6 18. Rf3 b6 19. Ref1 Ne7 20. Ne2 Rad8 21. Rg3 Qf6 22. fxe5 dxe5 23. Bh6 Ng6 24. Bxg7 Nxg7 25. Nf2 f4 26. Ne4 Qc6 27. Rgf3 Qxe4 0-1

[Event "SVK-chT2B 1415"]
[Site "Slovakia"]
[Date "2014.12.07"]
[Round "6.1"]
[White "Zernovic, Ferdinand"]
[Black "Gazikova, Veronika"]
[Result "0-1"]
[WhiteElo "1895"]
[BlackElo "2148"]
[PlyCount "49"]
[EventDate "2014.10.11"]
[EventType "team-tourn"]
[EventRounds "11"]
[EventCountry "SVK"]
[SourceTitle "EXT 2019"]
[Source "ChessBase"]
[SourceDate "2018.10.10"]
[SourceVersion "1"]
[SourceVersionDate "2018.10.10"]
[SourceQuality "1"]
[WhiteTeam "Povazske Podhradie SK"]
[BlackTeam "Bojnice SK PRM"]
[WhiteTeamCountry "SVK"]
[BlackTeamCountry "SVK"]

1. e4 e6 2. f4 d5 3. e5 c5 4. c3 Nc6 5. Na3 d4 6. Bd3 Nge7 7. Qf3 Nf5 8. Ne2 dxc3 9. dxc3 Nh4 10. Qh3 Nxg2+ 11. Kf1 Nh4 12. Bd2 Qd5 13. Qxh4 Qxd3 14. Ke1 Qe4 15. Rg1 Nxe5 16. Rg3 Nf3+ 17. Rxf3 Qxf3 18. Ng1 Qe4+ 19. Kf2 Bd7 20. Re1 Qd5 21. Nf3 Bc6 22. Qg3 Be7 23. Re5 Qxf3+ 24. Qxf3 Bxf3 25. Kxf3 0-1